<?xml version="1.0" encoding="UTF-8"?>
<record
    xmlns:xsi="http://www.w3.org/2001/XMLSchema-instance"
    xsi:schemaLocation="http://www.loc.gov/MARC21/slim http://www.loc.gov/standards/marcxml/schema/MARC21slim.xsd"
    xmlns="http://www.loc.gov/MARC21/slim">

  <leader>00577nam a2200205Ia 4500</leader>
  <controlfield tag="003">3228</controlfield>
  <controlfield tag="005">20260622112506.0</controlfield>
  <controlfield tag="008">260128b        sa ||||| |||| 00| 0 eng d</controlfield>
  <datafield tag="020" ind1=" " ind2=" ">
    <subfield code="a">9781770083820(Hardback)</subfield>
  </datafield>
  <datafield tag="040" ind1=" " ind2=" ">
    <subfield code="b">English</subfield>
    <subfield code="c">3228</subfield>
    <subfield code="e">rda</subfield>
  </datafield>
  <datafield tag="041" ind1=" " ind2=" ">
    <subfield code="a">English</subfield>
  </datafield>
  <datafield tag="100" ind1=" " ind2=" ">
    <subfield code="9">198411</subfield>
    <subfield code="a">van Wyk Chris</subfield>
    <subfield code="e">Author</subfield>
  </datafield>
  <datafield tag="245" ind1=" " ind2=" ">
    <subfield code="a">Peter Mokaba /</subfield>
    <subfield code="c">Chris van Wyk</subfield>
  </datafield>
  <datafield tag="260" ind1=" " ind2=" ">
    <subfield code="a">South Africa :</subfield>
    <subfield code="b">Awareness Publishing,</subfield>
    <subfield code="c">2017.</subfield>
  </datafield>
  <datafield tag="300" ind1=" " ind2=" ">
    <subfield code="a">76 pages :</subfield>
    <subfield code="b">Illustrations, colour ;</subfield>
    <subfield code="c">21 cm</subfield>
  </datafield>
  <datafield tag="504" ind1=" " ind2=" ">
    <subfield code="a">Glossary and index</subfield>
  </datafield>
  <datafield tag="521" ind1=" " ind2=" ">
    <subfield code="a">Juvenile</subfield>
  </datafield>
  <datafield tag="942" ind1=" " ind2=" ">
    <subfield code="2">ddc</subfield>
    <subfield code="c">BOOK</subfield>
    <subfield code="y">174</subfield>
    <subfield code="z">Sanet Schoeman</subfield>
  </datafield>
  <datafield tag="942" ind1=" " ind2=" ">
    <subfield code="2">ddc</subfield>
    <subfield code="c">BOOK</subfield>
  </datafield>
  <datafield tag="999" ind1=" " ind2=" ">
    <subfield code="c">56281</subfield>
    <subfield code="d">56280</subfield>
  </datafield>
  <datafield tag="952" ind1=" " ind2=" ">
    <subfield code="0">0</subfield>
    <subfield code="1">0</subfield>
    <subfield code="4">0</subfield>
    <subfield code="7">0</subfield>
    <subfield code="a">SOMAPL</subfield>
    <subfield code="b">SOMAPL</subfield>
    <subfield code="d">2022-07-01</subfield>
    <subfield code="g">95.00</subfield>
    <subfield code="l">0</subfield>
    <subfield code="p">33228 1003815 4</subfield>
    <subfield code="r">2022-07-01</subfield>
    <subfield code="w">2022-07-01</subfield>
    <subfield code="y">BK</subfield>
    <subfield code="z">179881</subfield>
  </datafield>
  <datafield tag="952" ind1=" " ind2=" ">
    <subfield code="0">0</subfield>
    <subfield code="1">0</subfield>
    <subfield code="4">0</subfield>
    <subfield code="7">0</subfield>
    <subfield code="a">NAZAL</subfield>
    <subfield code="b">NAZAL</subfield>
    <subfield code="d">2022-07-02</subfield>
    <subfield code="g">192.15</subfield>
    <subfield code="l">0</subfield>
    <subfield code="p">33089000205504</subfield>
    <subfield code="r">2022-07-02</subfield>
    <subfield code="w">2022-07-02</subfield>
    <subfield code="y">BK</subfield>
    <subfield code="z">237/14</subfield>
  </datafield>
  <datafield tag="952" ind1=" " ind2=" ">
    <subfield code="0">0</subfield>
    <subfield code="1">0</subfield>
    <subfield code="4">0</subfield>
    <subfield code="7">0</subfield>
    <subfield code="a">CHROL</subfield>
    <subfield code="b">CHROL</subfield>
    <subfield code="d">2022-07-04</subfield>
    <subfield code="g">182.00</subfield>
    <subfield code="l">0</subfield>
    <subfield code="p">3322810031451</subfield>
    <subfield code="r">2022-07-04</subfield>
    <subfield code="w">2022-07-04</subfield>
    <subfield code="y">BK</subfield>
    <subfield code="z">179881</subfield>
  </datafield>
  <datafield tag="952" ind1=" " ind2=" ">
    <subfield code="0">0</subfield>
    <subfield code="1">0</subfield>
    <subfield code="4">0</subfield>
    <subfield code="7">0</subfield>
    <subfield code="a">CHROL</subfield>
    <subfield code="b">CHROL</subfield>
    <subfield code="d">2022-07-04</subfield>
    <subfield code="g">181.87</subfield>
    <subfield code="l">0</subfield>
    <subfield code="p">33809000377346</subfield>
    <subfield code="r">2022-07-04</subfield>
    <subfield code="w">2022-07-04</subfield>
    <subfield code="y">BK</subfield>
    <subfield code="z">363/13</subfield>
  </datafield>
  <datafield tag="952" ind1=" " ind2=" ">
    <subfield code="0">0</subfield>
    <subfield code="1">0</subfield>
    <subfield code="2">ddc</subfield>
    <subfield code="4">0</subfield>
    <subfield code="7">0</subfield>
    <subfield code="a">LYDEL</subfield>
    <subfield code="b">MKHUL</subfield>
    <subfield code="d">2022-09-20</subfield>
    <subfield code="o">J 920 MOKA</subfield>
    <subfield code="p">33228031027035</subfield>
    <subfield code="r">2022-09-20</subfield>
    <subfield code="w">2022-09-20</subfield>
    <subfield code="y">BK</subfield>
  </datafield>
  <datafield tag="952" ind1=" " ind2=" ">
    <subfield code="0">0</subfield>
    <subfield code="1">0</subfield>
    <subfield code="2">ddc</subfield>
    <subfield code="4">0</subfield>
    <subfield code="7">0</subfield>
    <subfield code="8">900</subfield>
    <subfield code="a">THEML</subfield>
    <subfield code="b">THEML</subfield>
    <subfield code="c">GEN</subfield>
    <subfield code="d">2022-11-01</subfield>
    <subfield code="o">J 920 MOKA</subfield>
    <subfield code="p">33228031059723</subfield>
    <subfield code="r">2022-11-01</subfield>
    <subfield code="w">2022-11-01</subfield>
    <subfield code="y">BOOK</subfield>
  </datafield>
  <datafield tag="952" ind1=" " ind2=" ">
    <subfield code="0">0</subfield>
    <subfield code="1">0</subfield>
    <subfield code="4">0</subfield>
    <subfield code="7">0</subfield>
    <subfield code="a">SAKHL</subfield>
    <subfield code="b">SAKHL</subfield>
    <subfield code="c">CHILD</subfield>
    <subfield code="d">2023-08-30</subfield>
    <subfield code="l">0</subfield>
    <subfield code="o"> J 323.168VANW</subfield>
    <subfield code="p">33228031160955</subfield>
    <subfield code="r">2023-08-30</subfield>
    <subfield code="w">2023-08-30</subfield>
    <subfield code="y">BOOK</subfield>
  </datafield>
  <datafield tag="952" ind1=" " ind2=" ">
    <subfield code="0">0</subfield>
    <subfield code="1">0</subfield>
    <subfield code="2">ddc</subfield>
    <subfield code="4">0</subfield>
    <subfield code="7">0</subfield>
    <subfield code="8">300</subfield>
    <subfield code="a">STANDL</subfield>
    <subfield code="b">STANDL</subfield>
    <subfield code="c">CHILD</subfield>
    <subfield code="d">2023-12-08</subfield>
    <subfield code="g">267.00</subfield>
    <subfield code="i">9781770083820</subfield>
    <subfield code="l">0</subfield>
    <subfield code="o">J 920 MOKA</subfield>
    <subfield code="p">33228031153108</subfield>
    <subfield code="r">2023-12-08</subfield>
    <subfield code="v">267.00</subfield>
    <subfield code="w">2023-12-08</subfield>
    <subfield code="y">BOOK</subfield>
  </datafield>
  <datafield tag="952" ind1=" " ind2=" ">
    <subfield code="0">0</subfield>
    <subfield code="1">0</subfield>
    <subfield code="2">ddc</subfield>
    <subfield code="4">0</subfield>
    <subfield code="7">0</subfield>
    <subfield code="a">LYDEL</subfield>
    <subfield code="b">MPSTL</subfield>
    <subfield code="c">Non_Fiction</subfield>
    <subfield code="d">2024-01-17</subfield>
    <subfield code="l">0</subfield>
    <subfield code="o">J 920 MOKA</subfield>
    <subfield code="p">33228031029795</subfield>
    <subfield code="r">2024-01-17</subfield>
    <subfield code="w">2024-01-17</subfield>
    <subfield code="y">BOOK | BK</subfield>
  </datafield>
  <datafield tag="952" ind1=" " ind2=" ">
    <subfield code="0">0</subfield>
    <subfield code="1">0</subfield>
    <subfield code="2">ddc</subfield>
    <subfield code="4">0</subfield>
    <subfield code="7">0</subfield>
    <subfield code="8">F</subfield>
    <subfield code="a">LYDEL</subfield>
    <subfield code="b">SHATL</subfield>
    <subfield code="d">2024-05-07</subfield>
    <subfield code="l">0</subfield>
    <subfield code="o">J 920 MOKA</subfield>
    <subfield code="p">3322810015454</subfield>
    <subfield code="r">2024-05-07</subfield>
    <subfield code="w">2024-05-07</subfield>
    <subfield code="y">BOOK | BK</subfield>
  </datafield>
  <datafield tag="952" ind1=" " ind2=" ">
    <subfield code="0">0</subfield>
    <subfield code="1">0</subfield>
    <subfield code="2">ddc</subfield>
    <subfield code="4">0</subfield>
    <subfield code="7">0</subfield>
    <subfield code="8">300</subfield>
    <subfield code="a">STANRL</subfield>
    <subfield code="b">LEBOL</subfield>
    <subfield code="c">GEN</subfield>
    <subfield code="d">2024-07-25</subfield>
    <subfield code="g">267.00</subfield>
    <subfield code="l">0</subfield>
    <subfield code="o">J 323.168092 VANW</subfield>
    <subfield code="p">3322803187081</subfield>
    <subfield code="r">2024-07-25</subfield>
    <subfield code="w">2024-07-25</subfield>
    <subfield code="y">BOOK</subfield>
  </datafield>
  <datafield tag="952" ind1=" " ind2=" ">
    <subfield code="0">0</subfield>
    <subfield code="1">0</subfield>
    <subfield code="2">ddc</subfield>
    <subfield code="4">0</subfield>
    <subfield code="7">0</subfield>
    <subfield code="8">900</subfield>
    <subfield code="a">MKHWL</subfield>
    <subfield code="b">MKHWL</subfield>
    <subfield code="c">GEN</subfield>
    <subfield code="d">2024-08-07</subfield>
    <subfield code="l">0</subfield>
    <subfield code="o">J 920 MOKA</subfield>
    <subfield code="p">33228031139730</subfield>
    <subfield code="r">2024-08-07</subfield>
    <subfield code="w">2024-08-07</subfield>
    <subfield code="y">BOOK</subfield>
  </datafield>
  <datafield tag="952" ind1=" " ind2=" ">
    <subfield code="0">0</subfield>
    <subfield code="1">0</subfield>
    <subfield code="2">ddc</subfield>
    <subfield code="4">0</subfield>
    <subfield code="7">0</subfield>
    <subfield code="8">900</subfield>
    <subfield code="a">AMERL</subfield>
    <subfield code="b">AMERL</subfield>
    <subfield code="c">Non_Fiction</subfield>
    <subfield code="d">2025-11-13</subfield>
    <subfield code="l">0</subfield>
    <subfield code="o">J 920 MOKA</subfield>
    <subfield code="p">3300410015377</subfield>
    <subfield code="r">2025-11-13</subfield>
    <subfield code="w">2025-11-13</subfield>
    <subfield code="y">BOOK</subfield>
  </datafield>
  <datafield tag="952" ind1=" " ind2=" ">
    <subfield code="0">0</subfield>
    <subfield code="1">0</subfield>
    <subfield code="2">ddc</subfield>
    <subfield code="4">0</subfield>
    <subfield code="7">0</subfield>
    <subfield code="8">900</subfield>
    <subfield code="a">PERDL</subfield>
    <subfield code="b">PERDL</subfield>
    <subfield code="c">CHILD</subfield>
    <subfield code="d">2025-12-04</subfield>
    <subfield code="g">228.00</subfield>
    <subfield code="l">0</subfield>
    <subfield code="o">J 920 VANW</subfield>
    <subfield code="p">3004200001908</subfield>
    <subfield code="r">2025-12-04</subfield>
    <subfield code="v">228.00</subfield>
    <subfield code="w">2025-12-04</subfield>
    <subfield code="y">BOOK</subfield>
  </datafield>
  <datafield tag="952" ind1=" " ind2=" ">
    <subfield code="0">0</subfield>
    <subfield code="1">0</subfield>
    <subfield code="2">ddc</subfield>
    <subfield code="4">0</subfield>
    <subfield code="7">0</subfield>
    <subfield code="a">VUKUL</subfield>
    <subfield code="b">VUKUL</subfield>
    <subfield code="c">GEN</subfield>
    <subfield code="d">2026-02-16</subfield>
    <subfield code="g">228.00</subfield>
    <subfield code="l">0</subfield>
    <subfield code="o">J 920 MOKA</subfield>
    <subfield code="p">3300410029510</subfield>
    <subfield code="r">2026-02-16</subfield>
    <subfield code="w">0000-00-00</subfield>
    <subfield code="y">BOOK</subfield>
  </datafield>
  <datafield tag="952" ind1=" " ind2=" ">
    <subfield code="0">0</subfield>
    <subfield code="1">0</subfield>
    <subfield code="2">ddc</subfield>
    <subfield code="4">0</subfield>
    <subfield code="7">0</subfield>
    <subfield code="8">300</subfield>
    <subfield code="a">STANRL</subfield>
    <subfield code="b">Leanl</subfield>
    <subfield code="c">CHILD</subfield>
    <subfield code="d">2026-06-22</subfield>
    <subfield code="l">0</subfield>
    <subfield code="o">J 323.168092 VANW</subfield>
    <subfield code="p">3228200065637</subfield>
    <subfield code="r">2026-06-22</subfield>
    <subfield code="w">2026-06-22</subfield>
    <subfield code="y">BOOK</subfield>
  </datafield>
</record>
